Schnelle Mathematik - Potenzrechnen Level 15 - Statistiken

Allgemein
  • Dieses Quiz wurde 48 mal gespielt
  • Das Durchschnittsergebnis liegt bei 12 aus 20
Antwortstatistiken
Zahl Ergebnis % Korrekt
0
100%
0
100%
1
100%
1
100%
2⁰ 1
100%
3⁰ 1
100%
5⁰ 1
100%
6⁰ 1
100%
8⁰ 1
100%
9⁰ 1
100%
10⁰ 1
100%
10¹ 10
100%
10² 100
100%
10³ 1000
100%
10⁴ 10000
100%
10⁵ 100000
100%
10⁶ 1000000
100%
2²⁰ 1048576
100%
11² 121
100%
125
100%
11⁴ 14641
100%
2⁴ 16
100%
16
100%
12³ 1728
100%
2
100%
8⁷ 2097152
100%
25
100%
2⁸ 256
100%
14³ 2744
100%
3
100%
2⁵ 32
100%
8⁵ 32768
100%
343
100%
36
100%
4
100%
4
100%
3¹⁴ 4782969
100%
5
100%
6
100%
64
100%
64
100%
8
100%
3⁴ 81
100%
81
100%
9
100%
9
100%
5¹⁰ 9765625
100%
4⁰ 1
75%
1⁰ 1
67%
2⁶ 64
67%
2⁷ 128
50%
2¹⁷ 131072
50%
11³ 1331
50%
3¹³ 1594323
50%
11⁵ 161051
50%
2¹⁴ 16384
50%
14² 196
50%
2¹¹ 2048
50%
12⁴ 20736
50%
216
50%
27
50%
5⁵ 3125
50%
49
50%
3⁶ 729
50%
7⁷ 823543
50%
2¹⁰ 1024
33%
3¹¹ 177147
33%
3⁷ 2187
33%
3⁵ 243
33%
8⁶ 262144
33%
2¹⁵ 32768
33%
0
0%
1
0%
7⁰ 1
0%
10⁷ 10000000
0%
4⁵ 1024
0%
4¹⁰ 1048576
0%
7⁶ 117649
0%
6⁴ 1296
0%
12² 144
0%
5⁶ 15625
0%
4⁷ 16384
0%
7⁵ 16807
0%
13² 169
0%
11⁶ 1771561
0%
5⁹ 1953125
0%
3⁹ 19683
0%
2²¹ 2097152
0%
13³ 2197
0%
15² 225
0%
7⁴ 2401
0%
12⁵ 248832
0%
4⁴ 256
0%
2¹⁸ 262144
0%
4⁹ 262144
0%
6⁷ 279936
0%
13⁴ 28561
0%
5⁸ 390625
0%
2¹² 4096
0%
4⁶ 4096
0%
8⁴ 4096
0%
6⁶ 46656
0%
9⁷ 4782969
0%
2⁹ 512
0%
512
0%
2¹⁹ 524288
0%
3¹² 531441
0%
9⁶ 531441
0%
3¹⁰ 59049
0%
9⁵ 59049
0%
5⁴ 625
0%
2¹⁶ 65536
0%
4⁸ 65536
0%
3⁸ 6561
0%
9⁴ 6561
0%
7
0%
729
0%
6⁵ 7776
0%
5⁷ 78125
0%
8
0%
2¹³ 8192
0%
Keine übereinstimmenden Quizze gefunden
Verteilung der Resultate
Anzahl Personen mit jedem Resultat
Perzentil nach korrekt beantworteten Fragen
Ihre Resultats-Entwicklung
Sie haben dieses Quiz noch nicht gespielt